| 000 | 00965pam a2200301 i 4500 | ||
|---|---|---|---|
| 001 | 1745593 | ||
| 003 | OSt | ||
| 005 | 20140310182037.0 | ||
| 008 | 751119s1977 nyua b 001 0 eng | ||
| 010 | _a 75040279 | ||
| 020 | _a0023074507 | ||
| 040 |
_aDLC _cDLC _dDLC |
||
| 050 | 0 | 0 |
_aGN 25 _b.B42 1977 |
| 082 | 0 | 0 |
_aHS 301.2 _b B81 1963 |
| 100 | 1 |
_aBeals, Ralph L. _q(Ralph Leon), _d1901-1985. _910788 |
|
| 245 | 1 | 3 |
_aAn introduction to anthropology / _cRalph L. Beals, Harry Hoijer, Alan R. Beals. |
| 250 | _a5th ed. | ||
| 260 |
_aNew York : _bMacmillan, _cc1977. |
||
| 300 |
_a749 p. : _bill. ; _c26 cm. |
||
| 504 | _aIncludes bibliographies and index. | ||
| 521 | _aFourth year high school students and above | ||
| 650 | 0 |
_aAnthropology. _946 |
|
| 700 | 1 |
_aHoijer, Harry, _d1904-1976, _ejoint author. _910789 |
|
| 700 | 1 |
_aBeals, Alan R., _ejoint author. _910790 |
|
| 906 |
_a7 _bcbc _corignew _d1 _eocip _f19 _gy-gencatlg |
||
| 942 |
_2lcc _cHS |
||
| 999 |
_c8702 _d8702 |
||